00492nam a2200169Ia 4500999001700000003000400017005001700021008004100038040000900079082002100088100002700109245006600136260004000202300000900242650002300251942004800274 c12908d12908OSt20201014154053.0190216s9999||||xx |||||||||||||| ||und|| coclc a810.80052bOLI/A aOliver, Egbert S94639 3aAn Anthology American Literature 1890-1965 /cEgbert S Oliver bEurasia Pub-Ltd,c1977.aNew Delhi: a595p aEnglish Literature cBK2ddch810.80052iOLV/Ak810.80052mOLV/A